000
00276nam a22001337a 4500
008
170721b xxu||||| |||| 00| 0 eng d
020
_a
9783540543220
041
_a
eng
080
_a
004
100
_a
28
101
_a
SHKI
245
_a
IS
_c
SCHWARTZEL, H
942
_2
udc
_c
BK
999
_c
21737
_d
21737